Clinical guidelines : (Record no. 4289)
[ view plain ]
| 000 -LEADER | |
|---|---|
| fixed length control field | 00756nam a2200181 4500 |
| 008 - FIXED-LENGTH DATA ELEMENTS--GENERAL INFORMATION | |
| fixed length control field | 150901b xxu||||| |||| 00| 0 eng d |
| 020 ## - INTERNATIONAL STANDARD BOOK NUMBER | |
| International Standard Book Number | 2906498866 |
| 050 ## - LIBRARY OF CONGRESS CALL NUMBER | |
| Classification number | RA427.9 .C55 2013 |
| 100 ## - MAIN ENTRY--PERSONAL NAME | |
| Personal name | I Broek; P Albajar |
| 245 ## - TITLE STATEMENT | |
| Title | Clinical guidelines : |
| Remainder of title | diagnostic and treatment manual; for curative programmes in hospitals and dispensaries; guidance for prescribing/ |
| Statement of responsibility, etc. | I Broek; P Albajar; Médecins sans Frontières. |
| 250 ## - EDITION STATEMENT | |
| Edition statement | 2013 ed |
| 260 ## - PUBLICATION, DISTRIBUTION, ETC. (IMPRINT) | |
| Place of publication, distribution, etc. | Paris : |
| Name of publisher, distributor, etc. | Médecins sans frontières, |
| Date of publication, distribution, etc. | 2013. |
| 300 ## - PHYSICAL DESCRIPTION | |
| Extent | 332 p. : |
| Other physical details | ill. |
| Dimensions | 21cm. |
| 650 ## - SUBJECT ADDED ENTRY--TOPICAL TERM | |
| Topical term or geographic name as entry element | Clinical medicine. |
| 650 ## - SUBJECT ADDED ENTRY--TOPICAL TERM | |
| Topical term or geographic name as entry element | Diagnostic techniques and procedures. |
| 650 ## - SUBJECT ADDED ENTRY--TOPICAL TERM | |
| Topical term or geographic name as entry element | Pharmaceutical preparations. |
| 942 ## - ADDED ENTRY ELEMENTS (KOHA) | |
| Source of classification or shelving scheme | |
| Koha item type | Hard Covered Materials |
| Classification part | RA427.9 .C55 2013 |
| Koha issues (borrowed), all copies | 2 |
| Withdrawn status | Lost status | Source of classification or shelving scheme | Damaged status | Not for loan | Home library | Current library | Shelving location | Date acquired | Source of acquisition | Total Checkouts | Full call number | Barcode | Date last seen | Date last checked out | Price effective from | Koha item type |
|---|---|---|---|---|---|---|---|---|---|---|---|---|---|---|---|---|
| MACHAKOS UNIVERSITY LIBRARY | MACHAKOS UNIVERSITY LIBRARY | Open shelf | 01/09/2015 | Donation (B.M.A.) | 2 | RA427.9 .C55 2013 | 10319 | 03/06/2019 | 12/10/2017 | 01/09/2015 | Hard Covered Materials |